Quick Pick: Things in Song Titles Quiz Stats

 Plays Quiz Updated Aug 6, 2016

Challenge
Share
Tweet
Embed
Score 0/10 Timer 01:00
3 Plays Today
% Correct
Love
96.1%
Favorite
95.3%
Said
94.4%
Way
89.7%
Small
89.2%
Go
89.2%
Today
88.3%
Park
87.5%
Pass
81.8%
Better
69.4%

Today's Daily Dose

You're not logged in!

Compare scores with friends on all Sporcle quizzes.
OR
Log In

You Might Also Like...

Show Comments

Extras

Top Quizzes Today


Score Distribution

Your Account Isn't Verified!

In order to create a playlist on Sporcle, you need to verify the email address you used during registration. Go to your Sporcle Settings to finish the process.

Report this User

Report this user for behavior that violates our Community Guidelines.

Details: